all the NBA team - Statistiques

Statistiques générales
  • Ce quiz a été pris 152 fois
  • Le résultat moyen est 22 sur 30
Statistiques - réponses
Réponse % Correct
14 Los Angeles Lakers
95%
2 Boston Celtics
92%
5 Chicago Bulls
87%
20 New York Knicks
87%
27 San Antonio Spurs
85%
10 Golden State Warriors
81%
17 Miami Heat
81%
21 Oklahoma City thunder
80%
13 Los Angeles Clippers
79%
7 Dallas Mavericks
77%
3 Brooklyn nets
76%
11 Houston Rockets
75%
12 Indiana Pacers
73%
28 Toronto Raptors
73%
18 Milwaukee Bucks
72%
30 Washington Wizards
72%
26 Sacramento Kings
69%
6 Cleveland Cavaliers
68%
8 Denver Nuggets
68%
22 Orlando Magic
68%
29 Utah Jazz
68%
16 Minnesota Timberwolves
67%
1 Atlanta Hawks
65%
4 Charlotte Hornets
65%
25 Portland Trail Blazers
65%
15 Memphis Grizzlies
64%
24 Phoenix Suns
64%
9 Detroit PIstons
61%
23 Philadephia 76ers
61%
19 New Orleans Pelicans
60%
Aucun quiz correspondant
Distribution des résultats
% des personnes avec chaque résultat
Percentile par nombre de réponses
Votre historique - résultats
Vous n’avez pas pris ce quiz